| Tag |
First Indicator |
Second Indicator |
Subfields |
| LEADER |
00000cam a2200000Ia 4500 |
| 001 |
in00002458024 |
| 005 |
20210727085029.0 |
| 006 |
m d |
| 007 |
cr cn||||||||| |
| 008 |
081017s2005 gw s 000 0 eng d |
| 020 |
|
|
|a 0387262725
|
| 020 |
|
|
|a 9780387262727
|
| 035 |
|
|
|a (OCoLC)262681700
|
| 035 |
|
|
|a (OCoLC)ocn262681700
|
| 035 |
|
|
|a 3071102
|
| 037 |
|
|
|a 978-3-540-23476-0
|b Springer
|n http://www.springerlink.com
|
| 040 |
|
|
|a GW5XE
|b eng
|c GW5XE
|d GW5XE
|d UtOrBLW
|
| 049 |
|
|
|a TEFA
|
| 082 |
0 |
4 |
|a 616.025
|2 22
|
| 090 |
|
|
|a RC86.7
|b .Y43 2005eb
|
| 245 |
0 |
0 |
|a Yearbook of intensive care and emergency medicine 2005.
|
| 264 |
|
1 |
|a Berlin :
|b Springer-Verlag,
|c 2005.
|
| 336 |
|
|
|a text
|b txt
|2 rdacontent
|
| 337 |
|
|
|a computer
|b c
|2 rdamedia
|
| 338 |
|
|
|a online resource
|b cr
|2 rdacarrier
|
| 500 |
|
|
|a Electronic resource.
|
| 533 |
|
|
|a Electronic reproduction.
|b New York :
|c Springer,
|d 2008.
|n Mode of access: World Wide Web.
|n System requirements: Web browser.
|n Title from title screen (viewed on Oct. 10, 2008).
|n Access may be restricted to users at subscribing institutions.
|
| 650 |
|
0 |
|a Critical care medicine.
|0 http://id.loc.gov/authorities/subjects/sh85034133
|
| 650 |
|
0 |
|a Emergency medicine.
|0 http://id.loc.gov/authorities/subjects/sh85042755
|
| 655 |
|
7 |
|a Electronic books.
|2 local
|
| 700 |
1 |
|
|a Vincent, J. L.,
|e editor.
|0 http://id.loc.gov/authorities/names/n85022577
|
| 710 |
2 |
|
|a SpringerLink (Online service)
|0 http://id.loc.gov/authorities/names/no2005046756
|
| 856 |
4 |
0 |
|u http://proxy.library.tamu.edu/login?url=https://dx.doi.org/10.1007/b136691
|z Connect to the full text of this electronic book
|t 0
|
| 994 |
|
|
|a C0
|b TEF
|
| 999 |
|
|
|a MARS
|
| 999 |
f |
f |
|s acbc9eeb-1618-3feb-8383-5add58d4b2ba
|i 42abea25-8d6b-3caa-be50-c3f3125d3a40
|t 0
|
| 952 |
f |
f |
|a Texas A&M University
|b College Station
|c Electronic Resources
|d Available Online
|t 0
|e RC86.7 .Y43 2005eb
|h Library of Congress classification
|
| 998 |
f |
f |
|a RC86.7 .Y43 2005eb
|t 0
|l Available Online
|